000 00293nam a22001217a 4500
008 180917b xxu||||| |||| 00| 0 eng d
041 _aeng
080 _210 ed
_a030
100 _a23
101 _aFJA
245 _aMerriam Websters Collegiate Dictionary
_cMerriam.W
942 _2udc
_cBK
999 _c47863
_d47863